[Event "HUN Team League Csongrad Region 2019–2"]
[Site "Csongrád County"]
[Date "2020.03.01"]
[Round "8.1"]
[White "Udvardi, Zalan"]
[Black "Koszta, Benedek"]
[Result "1-0"]
[WhiteElo "2210"]
[BlackElo "2096"]
[PlyCount "35"]
[EventDate "2019.09.29"]
[WhiteTeam "Szentes II."]
[BlackTeam "Maróczy III."]

1. e4 c5 2. Nc3 d6 3. f4 g6 4. Nf3 Bg7 5. Bc4 Nc6 6. O-O e6 7. d4 cxd4 8. Nb5
Nge7 9. Bb3 O-O 10. Nbxd4 b5 11. Be3 a6 12. c3 Bb7 13. f5 e5 14. Nxc6 Bxc6 15.
Ng5 Nxf5 16. exf5 d5 17. fxg6 hxg6 18. Qg4 1-0

[Event "HUN Team League Csongrad Region 2019–2"]
[Site "Csongrád County"]
[Date "2020.03.01"]
[Round "8.1"]
[White "Hajdu, Istvan"]
[Black "Borus, Andras"]
[Result "1/2-1/2"]
[WhiteElo "1863"]
[BlackElo "2024"]
[PlyCount "44"]
[EventDate "2019.09.29"]
[WhiteTeam "Szentes II."]
[BlackTeam "Maróczy III."]

1. e4 c5 2. Nf3 d6 3. d4 cxd4 4. Nxd4 Nf6 5. Nc3 a6 6. Be2 e5 7. Nb3 Be7 8. O-O
O-O 9. a4 Be6 10. Be3 Nc6 11. Qd2 Rc8 12. Rfd1 Re8 13. f3 Kh8 14. a5 Nd7 15.
Nd5 Bxd5 16. exd5 Ncb8 17. Bd3 g6 18. Qb4 Qc7 19. Bb6 Nxb6 20. axb6 Qd8 21. Na5
Qd7 22. c4 f5 1/2-1/2

[Event "HUN Team League Csongrad Region 2019–2"]
[Site "Csongrád County"]
[Date "2020.03.01"]
[Round "8.1"]
[White "Kocsmar, Akos"]
[Black "Lovaszi, Szabolcs"]
[Result "1-0"]
[WhiteElo "1941"]
[BlackElo "1706"]
[PlyCount "53"]
[EventDate "2019.09.29"]
[WhiteTeam "Maróczy III."]
[BlackTeam "Szentes II."]

1. d4 g6 2. c4 d6 3. Nc3 f5 4. g3 Nf6 5. Bg2 Bg7 6. h4 O-O 7. Qb3 c6 8. Nf3 Qb6
9. Qc2 Ng4 10. e3 e5 11. O-O e4 12. Ng5 h6 13. Nh3 Be6 14. b3 d5 15. Nf4 Bf7
16. cxd5 c5 17. Na4 Qb5 18. Qxc5 Qxc5 19. Nxc5 b6 20. Na4 Rd8 21. Ne6 Bxe6 22.
dxe6 Nc6 23. Ba3 Re8 24. Rac1 Ne7 25. Rfd1 Rac8 26. Rxc8 Nxc8 27. d5 1-0

[Event "HUN Team League Csongrad Region 2019–2"]
[Site "Csongrád County"]
[Date "2020.03.01"]
[Round "8.1"]
[White "Balatoni, Gyorgy"]
[Black "Pluhar, Andras"]
[Result "0-1"]
[WhiteElo "1695"]
[BlackElo "1878"]
[PlyCount "96"]
[EventDate "2019.09.29"]
[WhiteTeam "Szentes II."]
[BlackTeam "Maróczy III."]

1. c4 e5 2. Nc3 Nf6 3. Nf3 Nc6 4. g3 Bb4 5. Bg2 O-O 6. O-O Re8 7. a3 Bxc3 8.
bxc3 d6 9. d4 e4 10. Nd2 Qe7 11. e3 Bg4 12. Qe1 Qd7 13. Nb3 Bh3 14. Qd1 Bxg2
15. Kxg2 Rad8 16. Qe2 b6 17. Bd2 a5 18. a4 h6 19. h3 Qf5 20. g4 Qg6 21. f4
exf3+ 22. Qxf3 Ne7 23. Rac1 h5 24. Kg3 hxg4 25. hxg4 Ne4+ 26. Kh2 d5 27. c5 Ng5
28. Qg3 Qc6 29. Be1 Qxa4 30. Nd2 Qc6 31. cxb6 cxb6 32. Nf3 Qh6+ 33. Kg2 Ne4 34.
Qf4 Rd6 35. Rh1 Qxf4 36. exf4 Ng6 37. Bg3 Rc6 38. f5 Nxg3 39. Kxg3 Nf8 40. Ne5
Rc7 41. Kf4 f6 42. Ng6 Re4+ 43. Kf3 Rc8 44. Rh8+ Kf7 45. Nf4 Rxd4 46. Ne6 Rdc4
47. g5 Nxe6 48. Rxc8 Nxg5+ 0-1

[Event "HUN Team League Csongrad Region 2019–2"]
[Site "Csongrád County"]
[Date "2020.03.01"]
[Round "8.1"]
[White "Blazsik, Zoltan"]
[Black "Kozak, Janos"]
[Result "1-0"]
[WhiteElo "1634"]
[BlackElo "1450"]
[PlyCount "64"]
[EventDate "2019.09.29"]
[WhiteTeam "Maróczy III."]
[BlackTeam "Szentes II."]

1. d4 f5 2. c4 Nf6 3. Nc3 g6 4. g3 Bg7 5. Bg2 d6 6. Nh3 O-O 7. O-O e5 8. dxe5
dxe5 9. Qb3 c6 10. Be3 Qe7 11. Rad1 Be6 12. Ng5 Bf7 13. Nxf7 Qxf7 14. Bc5 Re8
15. a4 Na6 16. Ba3 e4 17. e3 Rad8 18. Rd4 Ng4 19. Rxd8 Rxd8 20. Rd1 Rxd1+ 21.
Qxd1 Bxc3 22. Qd8+ Kg7 23. bxc3 c5 24. Qd6 Qxc4 25. Qe7+ Qf7 26. Qd8 Ne5 27.
Bf1 c4 28. Qd4 Kf6 29. Kg2 Qc7 30. Bd6 Qc6 31. Qxe5+ Kf7 32. Qe7+ Kg8 1-0

[Event "HUN Team League Csongrad Region 2019–2"]
[Site "Csongrád County"]
[Date "2020.03.01"]
[Round "8.1"]
[White "Makay, Andor Dr."]
[Black "Jojart, Zsolt"]
[Result "0-1"]
[WhiteElo "1619"]
[BlackElo "1672"]
[PlyCount "60"]
[EventDate "2019.09.29"]
[WhiteTeam "Szentes II."]
[BlackTeam "Maróczy III."]

1. d4 Nf6 2. d5 e5 3. c4 Bc5 4. Nc3 O-O 5. h3 d6 6. e4 c6 7. a3 a6 8. Bd3 b5 9.
Nge2 Bb7 10. b4 Ba7 11. cxb5 axb5 12. dxc6 Bxc6 13. Nxb5 Bxb5 14. Bxb5 Qb6 15.
Be3 Qxb5 16. Bxa7 Rxa7 17. O-O Nxe4 18. Qc2 d5 19. Nc3 Qc4 20. Rfc1 Rc7 21.
Nxd5 Qxc2 22. Nxc7 Qxf2+ 23. Kh1 Nf6 24. a4 Nh5 25. Nd5 Qd2 26. Ne7+ Kh8 27. b5
Nf4 28. Rg1 Qd3 29. Nc6 Nxh3 30. Nxe5 Nf2+ 0-1

[Event "HUN Team League Csongrad Region 2019–2"]
[Site "Csongrád County"]
[Date "2020.03.01"]
[Round "8.1"]
[White "Vadkerti, Vince"]
[Black "Gachalyi, Gergo"]
[Result "1/2-1/2"]
[WhiteElo "1460"]
[BlackElo "1519"]
[PlyCount "73"]
[EventDate "2019.09.29"]
[WhiteTeam "Maróczy III."]
[BlackTeam "Szentes II."]

1. e4 c6 2. d4 d5 3. exd5 cxd5 4. c4 Nf6 5. Nc3 e6 6. Nf3 Be7 7. cxd5 Nxd5 8.
Bd3 O-O 9. O-O Nc6 10. Re1 Nf6 11. Bf4 a6 12. h3 Nb4 13. Bb1 Nbd5 14. Nxd5 Nxd5
15. Qd3 g6 16. Bh6 Re8 17. Ne5 Bf6 18. Re4 Bg7 19. Bxg7 Kxg7 20. h4 f5 21. Re1
Qxh4 22. a3 b5 23. Ba2 Bb7 24. Bxd5 Bxd5 25. Rac1 Rac8 26. Rc3 Qg5 27. Nf3 Qe7
28. Rec1 Rxc3 29. Rxc3 Qb7 30. Qc2 Re7 31. Qe2 Bxf3 32. Rxf3 Qd5 33. Rd3 Rd7
34. Re3 Qxd4 35. Rxe6 Qd1+ 36. Qxd1 Rxd1+ 37. Kh2 1/2-1/2

[Event "HUN Team League Csongrad Region 2019–2"]
[Site "Csongrád County"]
[Date "2020.03.01"]
[Round "8.2"]
[White "Abraham, Zoltan"]
[Black "Megyaszai, Balazs"]
[Result "0-1"]
[WhiteElo "1825"]
[BlackElo "1904"]
[PlyCount "60"]
[EventDate "2019.09.29"]
[WhiteTeam "Vásárhely"]
[BlackTeam "Maróczy IV."]

1. Nf3 d5 2. d4 Nf6 3. Bg5 e6 4. c3 Be7 5. e3 O-O 6. Bd3 h6 7. Bf4 c5 8. Ne5
Nc6 9. Nd2 Qb6 10. Rb1 a5 11. g4 cxd4 12. exd4 Rd8 13. Ndf3 Nxe5 14. Nxe5 Nd7
15. h4 Nxe5 16. Bxe5 f6 17. Bg3 Rf8 18. g5 fxg5 19. Qh5 e5 20. Bxe5 Bf5 21.
Bxf5 Rxf5 22. hxg5 Rxg5 23. Qf3 Qe6 24. Kd2 Rf8 25. Qe3 Rg2 26. Ke1 Qf5 27. Rd1
Qxf2+ 28. Qxf2 Rfxf2 29. Bc7 a4 30. Rf1 Re2# 0-1

[Event "HUN Team League Csongrad Region 2019–2"]
[Site "Csongrád County"]
[Date "2020.03.01"]
[Round "8.2"]
[White "Tenk, Zoltan"]
[Black "Markus, Molli Amina"]
[Result "1-0"]
[WhiteElo "1868"]
[BlackElo "1669"]
[PlyCount "59"]
[EventDate "2019.09.29"]
[WhiteTeam "Maróczy IV."]
[BlackTeam "Vásárhely"]

1. e4 e6 2. d4 d5 3. exd5 exd5 4. Nf3 Nf6 5. Be2 Be7 6. O-O O-O 7. b3 Bf5 8.
Bb2 Re8 9. c4 dxc4 10. bxc4 c6 11. Nbd2 Na6 12. Ne5 Nc7 13. Bf3 Ne6 14. Nb3 Ng5
15. Be2 Bd6 16. f4 Nge4 17. Bf3 Bc7 18. g4 Bg6 19. f5 Bxf5 20. gxf5 Nd6 21. Qc2
Qc8 22. Bg2 Qd8 23. Rae1 Nd7 24. c5 Nc8 25. Qc4 Nxe5 26. dxe5 Qg5 27. Qf4 Qxf4
28. Rxf4 Ne7 29. f6 Ng6 30. Rfe4 1-0

[Event "HUN Team League Csongrad Region 2019–2"]
[Site "Csongrád County"]
[Date "2020.03.01"]
[Round "8.2"]
[White "Torok, Csaba"]
[Black "Lakatos, Alfred"]
[Result "1-0"]
[WhiteElo "1719"]
[BlackElo "1573"]
[PlyCount "61"]
[EventDate "2019.09.29"]
[WhiteTeam "Vásárhely"]
[BlackTeam "Maróczy IV."]

1. e4 c5 2. Nf3 Nc6 3. d4 cxd4 4. Nxd4 e5 5. Nb5 d6 6. c4 a6 7. N5c3 Nf6 8. Bd3
Bg4 9. f3 Bd7 10. O-O Nb4 11. Na3 Rb8 12. Be3 Nh5 13. Nc2 Nxd3 14. Qxd3 Qh4 15.
Nd5 b5 16. Nc7+ Kd8 17. Nxa6 Rb7 18. Qd5 Kc8 19. cxb5 Nf4 20. Bxf4 Qxf4 21.
Rfc1 Ra7 22. Ncb4+ Kd8 23. Nc6+ Ke8 24. Nxa7 Qe3+ 25. Kh1 Qxa7 26. Rc7 Qb6 27.
Qa8+ Ke7 28. Qc8 Qxb5 29. Nb8 Qxb2 30. Qxd7+ Kf6 31. Qf5# 1-0

[Event "HUN Team League Csongrad Region 2019–2"]
[Site "Csongrád County"]
[Date "2020.03.01"]
[Round "8.2"]
[White "Gyemant, Karoly"]
[Black "Buzas, Andras"]
[Result "0-1"]
[WhiteElo "1606"]
[BlackElo "1713"]
[PlyCount "108"]
[EventDate "2019.09.29"]
[WhiteTeam "Maróczy IV."]
[BlackTeam "Vásárhely"]

1. e4 e5 2. Nf3 Nf6 3. Nxe5 d6 4. Nf3 Nxe4 5. Be2 Be7 6. O-O O-O 7. d3 Nc5 8.
Ne1 Nc6 9. d4 Nd7 10. d5 Nce5 11. f4 Ng6 12. f5 Nge5 13. Nf3 Bf6 14. Nxe5 Bxe5
15. g3 Qf6 16. c3 a6 17. Nd2 Qd8 18. Nf3 Bf6 19. g4 Ne5 20. Nxe5 dxe5 21. Qd3
h6 22. Bf3 Qd6 23. Be4 Bd7 24. c4 Rad8 25. a4 Be7 26. b3 Qb6+ 27. Be3 Bc5 28.
Bxc5 Qxc5+ 29. Kg2 b5 30. h4 bxa4 31. bxa4 Rb8 32. f6 g6 33. Bxg6 Bxg4 34. Qg3
fxg6 35. Qxg4 Kh8 36. Rac1 Rf7 37. h5 g5 38. Qe6 Qe3 39. Rf2 Qe4+ 40. Kg1 Kg8
41. Qf5 Qxf5 42. Rxf5 Rb4 43. c5 e4 44. c6 Rd4 45. a5 e3 46. Kf1 Rf4+ 47. Rxf4
gxf4 48. d6 Rxf6 49. d7 Rd6 50. Ke2 Kf7 51. Kf3 Rd4 52. d8=Q Rxd8 53. Kxf4 e2
54. Re1 Re8 0-1

[Event "HUN Team League Csongrad Region 2019–2"]
[Site "Csongrád County"]
[Date "2020.03.01"]
[Round "8.2"]
[White "Bene, Zoltan"]
[Black "Veres, Sandor"]
[Result "1/2-1/2"]
[WhiteElo "1675"]
[BlackElo "1482"]
[PlyCount "42"]
[EventDate "2019.09.29"]
[WhiteTeam "Vásárhely"]
[BlackTeam "Maróczy IV."]

1. e4 e6 2. d4 d5 3. exd5 exd5 4. Bd3 c5 5. Qe2+ Be6 6. Nf3 Nc6 7. c3 Be7 8.
dxc5 d4 9. cxd4 Nxd4 10. Bb5+ Nc6 11. Ne5 Qd5 12. O-O Qxc5 13. Nc3 a6 14. Nxc6
axb5 15. Nxe7 Nxe7 16. Qxb5+ Qxb5 17. Nxb5 O-O 18. Nc7 Rxa2 19. Rxa2 Bxa2 20.
Re1 Nd5 21. Nxd5 Bxd5 1/2-1/2

[Event "HUN Team League Csongrad Region 2019–2"]
[Site "Csongrád County"]
[Date "2020.03.01"]
[Round "8.2"]
[White "Koszo, Ferenc"]
[Black "Tokes, Janos"]
[Result "1/2-1/2"]
[WhiteElo "1373"]
[BlackElo "1700"]
[PlyCount "66"]
[EventDate "2019.09.29"]
[WhiteTeam "Maróczy IV."]
[BlackTeam "Vásárhely"]

1. d4 d5 2. c4 c6 3. cxd5 cxd5 4. Nc3 e6 5. Bf4 Bd6 6. Bxd6 Qxd6 7. e3 a6 8.
Nf3 Nc6 9. a3 b5 10. b4 Bd7 11. Bd3 Nf6 12. Rc1 O-O 13. O-O Rfc8 14. Re1 h6 15.
h3 Qb8 16. Re2 Ra7 17. Rec2 Rac7 18. Ne2 a5 19. Rc5 axb4 20. Rxb5 Rb7 21. Rxb7
Qxb7 22. axb4 Qxb4 23. Rb1 Qd6 24. Bb5 Ne4 25. Rc1 Na7 26. Rxc8+ Bxc8 27. Bd3
Nc6 28. Qc2 f5 29. Ne5 Bb7 30. Nxc6 Bxc6 31. Bxe4 dxe4 32. Nf4 g5 33. Ng6 Kg7
1/2-1/2

[Event "HUN Team League Csongrad Region 2019–2"]
[Site "Csongrád County"]
[Date "2020.03.01"]
[Round "8.2"]
[White "Csikos, Adam"]
[Black "Elekes, Lajos"]
[Result "1-0"]
[WhiteElo "1297"]
[BlackElo "1342"]
[PlyCount "53"]
[EventDate "2019.09.29"]
[WhiteTeam "Vásárhely"]
[BlackTeam "Maróczy IV."]

1. e4 c5 2. Nc3 e5 3. Nf3 d6 4. Bc4 h6 5. O-O Nf6 6. d3 Be7 7. Re1 O-O 8. Nd2
Bg4 9. Ne2 Nc6 10. c3 a6 11. Nf1 b5 12. Bb3 Rc8 13. Ne3 Bd7 14. Ng3 Qb6 15.
Nef5 Rfe8 16. Bxh6 c4 17. Bxg7 cxb3 18. Nh5 Nxh5 19. Qxh5 f6 20. Qh8+ Kf7 21.
Qh5+ Ke6 22. Rad1 Rg8 23. Qg4 Bf8 24. Ne3+ Ke7 25. Nd5+ Kd8 26. Bxf6+ Ke8 27.
Qh5+ 1-0

[Event "HUN Team League Csongrad Region 2019–2"]
[Site "Csongrád County"]
[Date "2020.03.01"]
[Round "8.3"]
[White "Restas, Peter"]
[Black "Balogh, Ferenc"]
[Result "1/2-1/2"]
[WhiteElo "2122"]
[BlackElo "1924"]
[PlyCount "52"]
[EventDate "2019.09.29"]
[WhiteTeam "Makó III."]
[BlackTeam "Maróczy V."]

1. c4 e5 2. Nc3 d6 3. d4 Nc6 4. d5 Nce7 5. g3 f5 6. Bg2 Nf6 7. Bg5 Ng6 8. h4
Be7 9. Nh3 h6 10. Bd2 O-O 11. Qc2 Nh8 12. O-O-O Bd7 13. f3 Nh5 14. Be1 a6 15.
Qb3 b6 16. e4 f4 17. g4 Nf6 18. Nf2 Nh7 19. h5 Ng5 20. Nd3 Nhf7 21. a3 Qb8 22.
Bh4 Qa7 23. Bf2 Rfb8 24. Qc2 Qb7 25. Kd2 Qc8 26. Rdg1 Qf8 1/2-1/2

[Event "HUN Team League Csongrad Region 2019–2"]
[Site "Csongrád County"]
[Date "2020.03.01"]
[Round "8.3"]
[White "Tornyai, Jeno"]
[Black "Diamant, Tibor"]
[Result "0-1"]
[WhiteElo "1781"]
[BlackElo "1971"]
[PlyCount "92"]
[EventDate "2019.09.29"]
[WhiteTeam "Maróczy V."]
[BlackTeam "Makó III."]

1. d4 Nf6 2. Nc3 d5 3. Bg5 Bf5 4. Bxf6 gxf6 5. e3 c6 6. Bd3 Bg6 7. Nge2 e5 8.
dxe5 fxe5 9. Bxg6 hxg6 10. Ng3 Nd7 11. h3 Qc7 12. Qg4 O-O-O 13. O-O-O Be7 14.
h4 Rdg8 15. Nge2 f5 16. Qf3 Nf6 17. g3 b5 18. Kb1 a5 19. Nc1 Kb7 20. Ka1 a4 21.
Qe2 Qa5 22. f3 a3 23. Nb1 axb2+ 24. Kxb2 Ra8 25. Qd2 Ba3+ 26. Nxa3 Qxa3+ 27.
Ka1 Ra4 28. Qd3 Qd6 29. c3 Rha8 30. Rh2 e4 31. fxe4 Nxe4 32. Rb2 Qc5 33. Ne2
Nf2 34. Qb1 Nxd1 35. Qxd1 Qxe3 36. Qb1 Kc7 37. h5 gxh5 38. Qxf5 Qe8 39. Qh7+
Kb6 40. Qb1 Qe4 41. Qg1+ Kb7 42. Nd4 Re8 43. Ne2 Qd3 44. Qf1 Rae4 45. Qf7+ R8e7
46. Qxh5 Rxe2 0-1

[Event "HUN Team League Csongrad Region 2019–2"]
[Site "Csongrád County"]
[Date "2020.03.01"]
[Round "8.3"]
[White "Balassy, Gabor"]
[Black "Puskas, Mihaly"]
[Result "1-0"]
[WhiteElo "1821"]
[BlackElo "1416"]
[PlyCount "72"]
[EventDate "2019.09.29"]
[WhiteTeam "Makó III."]
[BlackTeam "Maróczy V."]

1. d4 d5 2. Bf4 Nf6 3. e3 Bf5 4. c4 c6 5. Nc3 e6 6. Qb3 Qb6 7. c5 Qxb3 8. axb3
Nbd7 9. b4 Be7 10. f3 O-O 11. g4 Bg6 12. h4 Bc2 13. Ra3 h6 14. Kd2 Bh7 15. Nh3
b6 16. Ba6 e5 17. dxe5 Ne8 18. Bb7 Rd8 19. Bxc6 bxc5 20. b5 Nb6 21. Rxa7 Bxh4
22. b3 d4 23. Ne4 f5 24. Nxc5 dxe3+ 25. Kxe3 fxg4 26. fxg4 Nd5+ 27. Bxd5+ Rxd5
28. Rc1 Bd8 29. Rd7 Nc7 30. b6 Rxd7 31. Nxd7 Nd5+ 32. Kf3 Bxb6 33. Nxf8 Kxf8
34. Bd2 Kf7 35. Rc6 Bc7 36. Nf4 Nxf4 1-0

[Event "HUN Team League Csongrad Region 2019–2"]
[Site "Csongrád County"]
[Date "2020.03.01"]
[Round "8.3"]
[White "Szamko, Hanna"]
[Black "Csibor, Andras"]
[Result "1/2-1/2"]
[WhiteElo "1426"]
[BlackElo "1810"]
[PlyCount "119"]
[EventDate "2019.09.29"]
[WhiteTeam "Maróczy V."]
[BlackTeam "Makó III."]

1. e4 e6 2. d4 d5 3. e5 c5 4. c3 Nc6 5. Nf3 b6 6. Bb5 Bd7 7. Be3 Nxe5 8. Nxe5
Bxb5 9. Na3 Bd7 10. O-O Nf6 11. Nc2 c4 12. Bf4 Be7 13. Ne3 O-O 14. N3g4 Nxg4
15. Qxg4 Bf6 16. Qg3 Bxe5 17. Bxe5 f6 18. Bc7 Qe8 19. Bd6 Rf7 20. Rfe1 Rc8 21.
f4 f5 22. Be5 Qe7 23. Re3 Rc6 24. Rae1 b5 25. Qf3 b4 26. Bb8 a5 27. Ba7 bxc3
28. bxc3 Qd8 29. Bc5 h6 30. Qh3 Qf6 31. Rb1 Bc8 32. Rb6 Rxb6 33. Bxb6 a4 34. a3
Rb7 35. Bc5 Rb1+ 36. Kf2 Rb2+ 37. Ke1 g5 38. Rg3 g4 39. Bd6 Kh7 40. Qh5 Qg6 41.
Qxg6+ Kxg6 42. Kf1 Kh5 43. Re3 Bd7 44. Re2 Rb3 45. Bb4 Kg6 46. Re1 Kf6 47. Re2
Be8 48. g3 h5 49. Kf2 Bf7 50. Re1 h4 51. Re2 hxg3+ 52. hxg3 Be8 53. Re1 Bd7 54.
Re2 Kf7 55. Re1 Ke8 56. Re3 Kd8 57. Ke2 Kc7 58. Kd2 Rb2+ 59. Kc1 Rf2 60. Kd1
1/2-1/2

[Event "HUN Team League Csongrad Region 2019–2"]
[Site "Csongrád County"]
[Date "2020.03.01"]
[Round "8.3"]
[White "Erdei, Imre"]
[Black "Dernovics, Aron"]
[Result "0-1"]
[WhiteElo "1637"]
[BlackElo "1394"]
[PlyCount "190"]
[EventDate "2019.09.29"]
[WhiteTeam "Makó III."]
[BlackTeam "Maróczy V."]

1. d4 d5 2. Nf3 Nc6 3. a3 Nf6 4. e3 Bg4 5. h3 Bh5 6. Be2 h6 7. Nbd2 Ne4 8. Nxe4
dxe4 9. Nd2 Bxe2 10. Qxe2 Qd5 11. c4 Qg5 12. O-O f5 13. f4 Qg3 14. Rf2 e6 15.
b4 O-O-O 16. Bb2 Rh7 17. Nf1 Qh4 18. Kh2 Qe7 19. Rd1 g5 20. c5 g4 21. g3 gxh3
22. Qh5 Rd5 23. Bc3 Qf7 24. Qxf7 Rxf7 25. Kxh3 e5 26. fxe5 Nxe5 27. Nd2 Ng4 28.
Re2 h5 29. Rf1 Bh6 30. Nc4 Bg5 31. b5 Rh7 32. Kg2 h4 33. gxh4 Rxh4 34. Rh1 Rd7
35. Rxh4 Bxh4 36. Ne5 Nxe5 37. dxe5 Rd5 38. e6 Rxc5 39. Bb4 Re5 40. e7 Bxe7 41.
Bxe7 Rxe7 42. Kg3 Kd7 43. Kf4 Ke6 44. Rg2 Rf7 45. Rg6+ Kd5 46. Rg5 Kc4 47. a4
Kb4 48. Rxf5 Rxf5+ 49. Kxf5 Kxa4 50. Kxe4 Kxb5 51. Kf5 a5 52. e4 a4 53. e5 a3
54. e6 a2 55. e7 a1=Q 56. e8=Q+ c6 57. Qe2+ Kb6 58. Qe3+ c5 59. Qb3+ Ka5 60.
Qxb7 Qf1+ 61. Kg5 c4 62. Qc7+ Kb4 63. Qd6+ Kb3 64. Qb6+ Kc3 65. Qe3+ Qd3 66.
Qc1+ Kb3 67. Qg1 c3 68. Qb6+ Kc2 69. Kf6 Kd2 70. Qf2+ Kd1 71. Qg1+ Kd2 72. Qf2+
Kc1 73. Qe1+ Kb2 74. Qf2+ c2 75. Qb6+ Qb3 76. Qf2 Kb1 77. Qf5 Qc3+ 78. Kg6 Qb2
79. Kh7 Qb7+ 80. Kg6 Qc6+ 81. Kg7 Kb2 82. Qf2 Qd7+ 83. Kf8 Qd6+ 84. Kg7 Kc1 85.
Qf1+ Kd2 86. Qf2+ Kc3 87. Qe3+ Qd3 88. Qe1+ Kb2 89. Qf2 Kb1 90. Qb6+ Ka2 91.
Qe6+ Qb3 92. Qa6+ Kb1 93. Qg6 Kb2 94. Qg2 Qc3+ 95. Kf7 Kc1 0-1

[Event "HUN Team League Csongrad Region 2019–2"]
[Site "Csongrád County"]
[Date "2020.03.01"]
[Round "8.3"]
[White "Korosi, Zsombor"]
[Black "Szekeres, Mihaly"]
[Result "1-0"]
[WhiteElo "1248"]
[BlackElo "1688"]
[PlyCount "127"]
[EventDate "2019.09.29"]
[WhiteTeam "Maróczy V."]
[BlackTeam "Makó III."]

1. e4 c5 2. Nc3 a6 3. Nf3 d6 4. a3 e6 5. g3 b5 6. d3 Bb7 7. Bg2 Qc7 8. Bf4 Nd7
9. O-O Ngf6 10. Re1 e5 11. Be3 Be7 12. Nh4 Nb6 13. Nf5 O-O 14. Bd2 Bc6 15. Na2
a5 16. c3 Rfe8 17. Bg5 Nbd7 18. d4 Bf8 19. d5 Bb7 20. f4 h6 21. fxe5 hxg5 22.
exf6 Nxf6 23. Qd2 Nh7 24. Rf1 g6 25. Ne3 Bg7 26. Ng4 Bc8 27. Nf2 Ra7 28. Rae1
Qd8 29. Nc1 Rae7 30. Qc2 f5 31. Nb3 Nf6 32. Nd2 Nxd5 33. Qb3 c4 34. Qxb5 Ne3
35. Rxe3 Re5 36. Qxc4+ Be6 37. Qd3 f4 38. gxf4 gxf4 39. Rf3 g5 40. Nc4 Rc5 41.
Nd2 Qb8 42. Qc2 Rec8 43. Bh3 Bxh3 44. Rxh3 Qa7 45. Kh1 Qd7 46. Qb3+ Kf8 47. Rh7
Rb5 48. Qa2 g4 49. Rg1 Rg5 50. Nf3 Rg6 51. Nh4 Rg5 52. Nf5 g3 53. hxg3 f3 54.
Rd1 Rd8 55. Rxd6 Qc7 56. Rxd8+ Qxd8 57. Rxg7 Rxg7 58. Nxg7 Kxg7 59. b4 Qg5 60.
Qe6 Qc1+ 61. Kh2 Qe3 62. Qe7+ Kg8 63. Qc5 Qe2 64. Kh3 1-0

[Event "HUN Team League Csongrad Region 2019–2"]
[Site "Csongrád County"]
[Date "2020.03.01"]
[Round "8.4"]
[White "Varga, Gabor"]
[Black "Gyugyi, Peter"]
[Result "0-1"]
[WhiteElo "1853"]
[BlackElo "1968"]
[PlyCount "80"]
[EventDate "2019.09.29"]
[WhiteTeam "Meritum III."]
[BlackTeam "Üllés"]

1. e4 d5 2. exd5 Nf6 3. d4 Nxd5 4. c4 Nb6 5. Nc3 e5 6. d5 c6 7. Be3 Bb4 8. Qb3
Bxc3+ 9. bxc3 O-O 10. Bxb6 axb6 11. Bd3 Na6 12. Rd1 Nc5 13. Qb2 Qg5 14. g3 Ra6
15. Nf3 Qf6 16. Nh4 e4 17. Be2 Na4 18. Qb3 Nxc3 19. Rd2 e3 20. fxe3 Ne4 21. Rb2
Qf2+ 22. Kd1 Nc5 23. Qc2 Qxe3 24. Rf1 Bh3 25. Nf5 Bxf5 26. Qxf5 Qd4+ 27. Kc2
Na4 28. Rb3 Qc5 29. Bd3 g6 30. Qd7 b5 31. Be2 Nb6 32. Qxb7 Rxa2+ 33. Kd1 Qd4+
34. Bd3 Nxc4 35. dxc6 Ne3+ 36. Kc1 Nxf1 37. c7 Qc5+ 38. Kb1 Ra7 39. Qg2 Ne3 40.
Qe4 Nc4 0-1

[Event "HUN Team League Csongrad Region 2019–2"]
[Site "Csongrád County"]
[Date "2020.03.01"]
[Round "8.4"]
[White "Szabo, Zoltan"]
[Black "Kurucz, Gergely"]
[Result "1/2-1/2"]
[WhiteElo "1790"]
[BlackElo "1611"]
[PlyCount "45"]
[EventDate "2019.09.29"]
[WhiteTeam "Üllés"]
[BlackTeam "Meritum III."]

1. e4 d6 2. d4 g6 3. Nc3 Bg7 4. Be3 Nf6 5. Be2 O-O 6. h3 Nc6 7. Nf3 e5 8. dxe5
dxe5 9. O-O a6 10. a3 Qe7 11. Bc4 Be6 12. Qe2 Nh5 13. Nd5 Bxd5 14. Bxd5 Nf4 15.
Bxf4 exf4 16. c3 Nd8 17. Rfe1 c6 18. Ba2 Ne6 19. Rad1 Rad8 20. Qc2 Rxd1 21.
Rxd1 Rd8 22. Rxd8+ Qxd8 23. Qd2 1/2-1/2

[Event "HUN Team League Csongrad Region 2019–2"]
[Site "Csongrád County"]
[Date "2020.03.01"]
[Round "8.4"]
[White "Filep, Miklos Sr."]
[Black "Papp, Zoltan"]
[Result "0-1"]
[WhiteElo "1540"]
[BlackElo "1821"]
[PlyCount "86"]
[EventDate "2019.09.29"]
[WhiteTeam "Meritum III."]
[BlackTeam "Üllés"]

1. f4 d5 2. b3 Nf6 3. Bb2 e6 4. Nf3 b6 5. e3 c5 6. Bb5+ Bd7 7. Bxd7+ Nbxd7 8.
O-O Be7 9. Qe2 O-O 10. d3 Rc8 11. Nbd2 b5 12. c4 dxc4 13. dxc4 b4 14. Ne5 Qc7
15. Rfd1 Rfd8 16. Qf3 Nxe5 17. Bxe5 Qc6 18. e4 Rd7 19. Bxf6 Bxf6 20. e5 Be7 21.
Qxc6 Rxc6 22. Ne4 Rcc7 23. Kf2 f5 24. exf6 gxf6 25. Kf3 f5 26. Ng5 Bxg5 27.
fxg5 Kf7 28. Kf4 Ke7 29. h4 Rc6 30. Rxd7+ Kxd7 31. Rd1+ Ke7 32. Ke5 a5 33. h5
Ra6 34. Rd2 a4 35. bxa4 Rxa4 36. g6 hxg6 37. hxg6 Ra3 38. g4 Re3+ 39. Kf4 Re4+
40. Kg5 Rxg4+ 41. Kh6 Kf6 42. Kh7 Rxg6 43. Rd8 Rg4 0-1

[Event "HUN Team League Csongrad Region 2019–2"]
[Site "Csongrád County"]
[Date "2020.03.01"]
[Round "8.4"]
[White "Gera, Mihaly"]
[Black "Lauko, Denes"]
[Result "1/2-1/2"]
[WhiteElo "1797"]
[BlackElo "1442"]
[PlyCount "72"]
[EventDate "2019.09.29"]
[WhiteTeam "Üllés"]
[BlackTeam "Meritum III."]

1. e4 d5 2. exd5 Qxd5 3. Nf3 Nf6 4. Nc3 Qa5 5. Bc4 Bf5 6. Qe2 e6 7. d3 Nbd7 8.
Bd2 c6 9. h3 Be7 10. Nd5 Qd8 11. Nxe7 Qxe7 12. a3 a5 13. O-O O-O 14. Rfe1 Rfe8
15. Nh4 Bg6 16. Nxg6 hxg6 17. d4 b5 18. Ba2 Qd6 19. c3 Rab8 20. Qf3 Nd5 21.
Bxd5 Qxd5 22. Qd1 c5 23. dxc5 Nxc5 24. Qc2 Red8 25. Bf4 Rbc8 26. Red1 Qb3 27.
Qxb3 Nxb3 28. Rab1 f6 29. Rxd8+ Rxd8 30. Bc7 Rd7 31. Bb6 Kf7 32. Be3 e5 33. f4
Ke6 34. fxe5 Kxe5 35. Kf2 f5 36. g3 Ke4 1/2-1/2

[Event "HUN Team League Csongrad Region 2019–2"]
[Site "Csongrád County"]
[Date "2020.03.01"]
[Round "8.4"]
[White "Fulop, Csilla"]
[Black "Molnar, Jeno"]
[Result "0-1"]
[WhiteElo "1457"]
[BlackElo "1593"]
[PlyCount "88"]
[EventDate "2019.09.29"]
[WhiteTeam "Meritum III."]
[BlackTeam "Üllés"]

1. e4 e6 2. d4 d5 3. e5 c5 4. c3 Nc6 5. Nf3 cxd4 6. cxd4 Bb4+ 7. Nc3 Qa5 8. Bd2
Nge7 9. a3 Bxc3 10. bxc3 Qc7 11. Bd3 Ng6 12. Rc1 O-O 13. O-O Na5 14. c4 Nxc4
15. Bxc4 dxc4 16. Qa4 Bd7 17. Qxc4 Qxc4 18. Rxc4 Bb5 19. Rb4 Bxf1 20. Kxf1 b6
21. a4 Rfc8 22. Ke1 Ne7 23. Kd1 Nd5 24. Rb3 Rc4 25. Ra3 Rac8 26. Ra2 Nc3+ 27.
Bxc3 Rxc3 28. Kd2 h6 29. Ne1 a6 30. Nc2 a5 31. Na3 Rc1 32. Nc2 Rh1 33. h3 f6
34. Rb2 Rc6 35. Ne1 fxe5 36. dxe5 Rc5 37. Nd3 Rc6 38. Ne1 h5 39. Nf3 Rf1 40.
Ke2 Ra1 41. Nd4 Rcc1 42. Nb3 Rcb1 43. Rxb1 Rxb1 44. Nd4 Kf7 0-1